Individual differences and instructed language learning

Shranjeno v:
Bibliografske podrobnosti
Glavni avtor: Robinson, Peter (Author)
Format: Knjiga
Jezik:angleščina
Izdano: Amsterdam John Benjamins 2002
Serija:Language Learning and Language Teaching, 2
Teme:
Oznake: Označite
Brez oznak, prvi označite!

MARC

LEADER 00000nam a2200000 a 4500
001 UCK7613
003 CL-VaPUC
008 051202e20020000NE |||||||||||||||||eng|d
020 |a 9027216940 
082 0 4 |a 418.0071  |b ROB  |2 21 
100 0 |a Robinson, Peter  |e author  |9 497110 
245 1 0 |a Individual differences and instructed language learning 
300 |a 385 p 
942 |c BK 
945 |d 20051202 00:00:00  |a cmena 
260 |a Amsterdam  |b John Benjamins  |c 2002 
650 0 |a Educación lingüística  |9 306506 
650 0 |a Métodos de enseñanza  |9 270413 
650 0 |a Aprendizaje   |9 254827 
650 0 |a Psicolingüística   |9 283371 
650 7 |a PSICOLOGIA DIFERENCIAL  |2 CL-VaPUC  |9 309027 
583 |a last modification  |c 20051202 00:00:00  |k Rodrigo Vera 
490 0 |a Language Learning and Language Teaching, 2 
999 |c 315465  |d 315463 
952 |0 0  |1 0  |4 0  |6 418_007100000000000_ROB_2002  |7 0  |8 A  |9 388748  |a FDOPOS  |b FDOPOS  |d 2019-11-22  |i 4188853  |o 418.0071 ROB 2002  |p 4188853  |r 2025-01-22  |w 2019-11-22  |y BK  |k MLA